Coplas escogidas (Registro nro. 301103)

Detalles MARC
000 -ENCABEZADO
Número de control [NR] 01359nam a22002417a 4500
005 - FECHA Y HORA DE LA ÚLTIMA TRANSACCIÓN
control field 20200602112237.0
008 - DE LONGITUD FIJA DE DATOS DE ELEMENTOS - INFORMACIÓN GENERAL
Elementos de longitud fija [NR] 150904s1881 ck ||||fr|||| 00| p spa d
040 ## - FUENTE DE CATALOGACION [NR]
Quien Cataloga Sandra Yazo
Quien Clasifica Sandra Yazo
041 0# - CODIGO DE IDIOMA [R]
Código de idioma para texto/pista de sonido o título separado [R] Español
082 04 - NUMERO DE CLASIFICACION DECIMAL DEWEY [R]
Número de la edición [NR] 20
Número de clasificación [R] 861
092 ## - SIGNATURA TOPOGRAFICA LOCAL
Número de clasificación local E37N047
100 1# - ASIENTO PRINCIPAL--NOMBRE PERSONAL [NR]
ID Autoridad 65589
Nombre personal [NR] Carrasquilla, Ricardo
Fechas asociadas con el nombre [NR] 1827-1886
245 10 - MENCION DE TITULO [NR]
Título [NR] Coplas escogidas
Mención de responsabilidad, etc. [NR] de Ricardo Carrasquilla
260 ## - PUBLICACION, DISTRIBUCION, ETC. (PIE DE IMPRENTA) [R]
Lugar de publicación, distribución, etc. [R] Bogotá (Colombia)
Nombre del editor, distribuidor, etc. [R] Imprenta de Medardo Rivas
Fecha de publicación, distribución, etc. [R] 1881
300 ## - DESCRIPCION FISICA [R]
Extensión [R] xvi, 255 páginas
Dimensiones [R] 18 x 12 cm
500 ## - NOTA GENERAL [R]
Nota general [NR] Detalles físicos: Encuadernación rígida (holandesa) en cartón forrado en papel. Lomo en cuero con adornos en dorado. Guardas simulando papel de agua. Hoja de cortesía. Anteportada. Portada impresa en una sola tinta. Texto impreso en una sola columna. Página 249 en adelante rotas, afectan el texto. Lomo desprendido. Tapas con raspadura en bordes y residuos de cinta pegante. Perteneció a la biblioteca de Rafael M. Carrasquilla
505 0# - NOTA DE CONTENIDO CON FORMATO PREESTABLECIDO [R]
Nota de contenido con formato preestablecido [NR] Prólogo / J. Manuel Marroquín ; A mis hijos ; A mis amigos ; Bagatelas ; Ecos de los zarzos ; Las fiestas de Bogotá
506 ## - NOTA DE RESTRICCIONES DE ACCESO [R]
Condiciones de acceso [NR] Consulta en sala
650 #7 - ASIENTO SECUNDARIO DE MATERIA - TERMINO TEMATICO [R]
9 (RLIN) 21792
Término temático o nombre geográfico como elemento de entrada [NR] Poesía colombiana
690 ## - ASUNTO AGREGADO LOCAL DE ENTRADA - TÉRMINO TEMÁTICO (OCLC, RLIN)
Acceso temático local Literatura colombiana
9 (RLIN) 18629
856 46 - LOCALIZACION Y ACCESO ELECTRONICOS [R]
Identificador Uniforme del Recurso (“URI”) [R] <a href="https://catalogoenlinea.bibliotecanacional.gov.co/client/es_ES/search/asset/62878/0">https://catalogoenlinea.bibliotecanacional.gov.co/client/es_ES/search/asset/62878/0</a>
Nota dirigida al público [R] Disponible en línea
942 ## - ELEMENTOS DE ENTRADA AGREGADOS (KOHA)
Sistema de clasificación LOCAL
Tipo de ítem principal el descrito en 300a Libro
Edición 1
Clasificación E37N047
Existencias
Suprimido Perdido Sistema de clasificación Dañado No prestable Tipo de ítem específico Ubicación habitual Ubicación actual Localización Fecha de creación Forma de adquisición Costo Total préstamos Signatura topográfica Código de barras Última vez visto Ejemplar Price effective from Tipo de ítem
    LOCAL     Libro archivo Archivo Histórico Archivo Histórico Archivo histórico 04/09/2015 Donación 0.00   E37N047 L005129 04/09/2015 Ej.1 04/09/2015 Libro